000 00582nam a2200205Ia 4500
003 GCL
008 140319s9999 xx 000 0 eng d
020 _a8477411344
040 _aGCL /
_cGCL
082 0 4 _a720.92
_bC A
100 1 _aCERVER, FRANCISCO ASENSIO
245 1 0 _aARCHITECTURE 1 :
_bARQUITECTURA 1 /
_cCERVER, FRANCISCO ASENSIO
260 _aاسبانيا :
_bEDICIONES ATRUIM ،
_c1991
650 0 4 _aEUROPEAN ARCHITECTS
650 0 4 _aARCHITECTURAL PROJECTS
650 0 4 _aARCHITECTURE
650 0 4 _aARCHITECTS
650 0 4 _aMODERN ARCHITECTURE
942 _2ddc
_cBK
999 _c13244
_d13244